| 000 | 00368nam a22001217a 4500 | ||
|---|---|---|---|
| 008 | 180912b xxu||||| |||| 00| 0 eng d | ||
| 041 | _aeng | ||
| 080 | _a591 | ||
| 100 | _a7 | ||
| 101 | _aZOO | ||
| 245 |
_aIllustrated Manual for the Recognition and Diagnosis of Certain Animal Diseases _cM-US Commission for the Prevention of Foot and Mouth Disease |
||
| 942 |
_2udc _cBK |
||
| 999 |
_c47713 _d47713 |
||